Very Ape All Lyrics - Statistics

General Stats
  • This quiz has been taken 8 times
  • The average score is 88 of 123
Answer Stats
Answer % Correct
and
100%
ape
100%
i
100%
i'm
100%
nice
100%
to
100%
very
100%
as
86%
king
86%
of
86%
the
86%
ask
71%
buried
71%
don't
71%
else
71%
first
71%
hesitate
71%
i'll
71%
illiterature
71%
in
71%
into
71%
my
71%
naive
71%
neck
71%
not
71%
please
71%
pride
71%
take
71%
up
71%
acting
57%
all
57%
anything
57%
busy
57%
dirt
57%
ever
57%
flies
57%
ground
57%
here
57%
if
57%
it
57%
i've
57%
like
57%
need
57%
out
57%
seen
57%
sky
57%
someone
57%
too
57%
was
57%
you
57%
contradictory
29%
No matching quizzes found
Score Distribution
Percent of People with Each Score
Percentile by Number Answered
Your Score History
You have not taken this quiz